Nenne alle Charaktere aus Songebob Schwammkopf - Statistiken

Allgemein
  • Dieses Quiz wurde 889 mal gespielt
  • Das Durchschnittsergebnis liegt bei 10 aus 18
Antwortstatistiken
Charaktere % Korrekt
Patrick Star
99%
Spongebob Schwammkopf
99%
Sandy Cheeks
90%
Eugine Krabs
87%
Sheldon Plankton
84%
Thaddäus Tentakel
77%
Perla Krabs
67%
Mrs. Puff
62%
Larry
61%
Blaubarschbube
43%
Meerjungfraumann
42%
Gerry
39%
Karen
35%
Der Fliegende Holländer
25%
Mantarochen
21%
Drecksackblase
19%
Siegbert Schnösel
13%
Patchy
4%
Keine übereinstimmenden Quizze gefunden
Verteilung der Resultate
Anzahl Personen mit jedem Resultat
Perzentil nach korrekt beantworteten Fragen
Ihre Resultats-Entwicklung
Sie haben dieses Quiz noch nicht gespielt